000 00856cam a22003133a 4500
001 704
003 PGUSA
005 20140828082951.0
008 961001s1996||||xxu|||||s|||||000 1 eng d
040 _aPGUSA
_beng
042 _adc
050 4 _aPZ
050 4 _aPS
100 1 _aVan Dyke, Henry,
_d1852-1933
245 1 4 _aThe Mansion
_h[electronic resource] /
_cHenry Van Dyke
260 _bProject Gutenberg,
_c1996
506 _aPublic domain in the USA.
516 _aElectronic text
653 _aChristian fiction
653 _aChristmas stories
653 _aImmortality -- Fiction
653 _aConduct of life -- Fiction
653 _aChristian life -- Fiction
653 _aFuture life -- Fiction
653 _aShort stories
830 0 _aProject Gutenberg
_v704
856 4 0 _uhttp://www.gutenberg.org/ebooks/704
942 _cEB
999 _c230055
_d230055